000 00912nas a2200265Ia 4500
001 A09/R118-49239
003 IT-MiCISF
008 161014c99999999xx |||||||||||| ||und||
040 _aIT-MiCISF
_cIT-MiCISF
041 _aITALIANO
100 _aSpiga Maria Teresa
210 _aRivista di scienze dell'educazione
222 _aRivista di scienze dell'educazione
245 0 _aPer una scuola dell'infanzia di qualità. Questionario per i genitori dei bambini che frequentano la scuola
250 _a1a ed.
260 _c2010
501 _bCISF - Centro Internazionale Studi Famiglia - Via Giotto, 36 20145 MILANO (non commercial uses only)
_cCopyright 2016
300 _app. 105-117
362 _an. 1, gennaio-aprile [2010]
500 _acontiene questionario Tema: scuola, infanzia, famiglia
650 _aSCUOLA
_varticolo
700 _aAA.VV.
942 _cCR
957 _71
999 _a49239
_bSi
_g1
_c225599
_d225599